000 00305nam a2200121Ia 4500
008 191201s2007 xx 000 0 und d
100 _aKUMAR, Nirmalya
245 0 _aPrivate Label Strategy
260 _aN.Delhi
_bHarvard Busness School
_c2007
300 _a270
650 _aGeneral Books
942 _2ddc
_cBK
999 _c3322
_d3322